ذخائر آسيا : فن التصوير عند العرب

محفوظ في:

المؤلف الرئيسي: ريتشارد إتنغهاوزن.

مؤلفون آخرون: عيسى سليمان, سليم طه التكريتي.

التنسيق: كتاب

اللغة: Undetermined

منشور في: Baghdad, Iraq : wizarat al'iielam, 1973.

الوسوم: إضافة وسم

لا توجد وسوم, كن أول من يضع وسما على هذه التسجيلة!

رقم الطلب: ND198 .E85 1973

LEADER 00538nam a2200157Ia 4500
008 240329s9999||||xx |||||||||||||| ||und||
050 4 |a ND198 .E85 1973 
100 1 |a ريتشارد إتنغهاوزن. 
245 1 0 |a ذخائر آسيا : فن التصوير عند العرب  |c ريتشارد إتنغهاوزن 
264 1 |a Baghdad, Iraq :  |b wizarat al'iielam,  |c 1973. 
300 |a 246  |c 28 
500 |a Arab Union Catalog 
500 |a Arabic 
700 1 |a عيسى سليمان, سليم طه التكريتي. 
942 |2 lcc  |c BK 
999 |c 57867  |d 57867